000 01508cam a22003857a 4500
003 CHAP
005 20220329142742.0
008 030602s2003 mx b r 00010 spa d
010 _a87273
011 _a88245
035 _a98790
040 _cCHAP
090 _aTesis
100 0 0 _aGallardo Sandoval, Araceli.
_944367
245 1 0 _aEstudio de factibilidad para la instalación de una planta productora y comercializadora de productos de capulin (Prunus serotina var. capuli) en el municipio de Huejotzingo, Pue.
_c/por Araceli Gallardo Sandoval
260 _aChapingo, Méx. :
_bEl autor,
_c2003.
300 _a72 h. ;
_bmap.
502 _aTesis (Ing. Agroindustrial) -- UACH. Departamento de Ingeniería Agroinductrial
530 _aTambién disponible en línea
590 _aALEPH
_b10
_c20130110
_lUCH01
_h1453
590 _aBATCH-UPD
_b10
_c20130110
_lUCH01
_h0432
590 _aBATCH-UPD
_b10
_c20130410
_lUCH01
_h0108
590 _aBATCH-UPD
_b10
_c20130914
_lUCH01
_h0840
590 _aBATCH-UPD
_b10
_c20140324
_lUCH01
_h1438
590 _aBATCH-UPD
_b10
_c20141002
_lUCH01
_h0818
590 _aCONVERSION
_b10
_c20130109
_lUCH01
_h1348
650 1 4 _aCapulin
_xMercadeo.
_918744
650 1 4 _aCapulín
_xProcesado.
_918752
856 _3Finding aid
_uhttp://10.13.5.2/tesis/98790.pdf
_zTeclea aqui
901 _aBK
905 _aMayto Villalobos S.
942 _cFOLL
949 _aTesis
_bBC
_cTES
_d33724000916672
_eTS2
_fc.2
_h40953
_i98790
_si
949 _aTesis
_bBC
_cTES
_d98790123
_eTS1
_h40952
_i98790
_sb
999 _c87273
_d87273